| 000 | 00659nam a2200217 a 4500 | ||
|---|---|---|---|
| 005 | 20251023063915.0 | ||
| 008 | 020129s1998 mx r 000 0 spa d | ||
| 020 | _a0534538436 | ||
| 035 | _aUPN01000115177 | ||
| 049 | _aCG | ||
| 050 | 4 |
_aLB3013 _bM5.3 |
|
| 100 | 1 | _aMiller, Darcy | |
| 245 | 1 | 0 |
_aEnhancing adolescent competence : _bstrategies for classroom management / _cDarcy Miller. |
| 260 |
_aBelmont, EUA. : _bWadsworth, _cc1998. |
||
| 300 | _a244 p. | ||
| 650 | 4 |
_aClase escolar _910832 |
|
| 650 | 4 |
_aAdministración educativa _9498 |
|
| 650 | 4 |
_aRelación maestro-estudiante _94168 |
|
| 650 | 4 |
_aPsicología del adolescente _91013 |
|
| 905 | _aLibro | ||
| 999 |
_c88752 _d88752 |
||